The Earle of Gowries conspiracie against the Kings Maiestie. : At Saint Johnstoun vpon Tuesday the fift day of August: and in the sixteene hundred yeares of our Lord God.

Bibliographic Details
Other Authors: Simmes, Valentine, fl. 1585-1622 (Printer)
Format: eBook
Language:English
Published: Printed at London : By Valentine Simmes, dwelling on Adling hill at the signe of the white Swanne., 1603.
Series:Early English books online.
Subjects:
Online Access:Connect to the full text of this electronic book

MARC

Tag First Indicator Second Indicator Subfields
LEADER 00000nam a2200000Ia 4500
001 in00004183313
005 20200807085228.0
006 m g d
007 cr bn |||a|bb|
008 121003s1603 enk o 000 0 eng d
040 |a UMI  |c UMI  |e dcrb 
035 |a (OCoLC)811765165 
037 |a CL0036000089  |b ProQuest, 789 E. Eisenhower Parkway, Ann Arbor, MI 48108-3218 
090 |a DA789  |b .G68 1603 
049 |a UMIA 
245 0 4 |a The Earle of Gowries conspiracie against the Kings Maiestie. :  |b At Saint Johnstoun vpon Tuesday the fift day of August: and in the sixteene hundred yeares of our Lord God. 
246 3 |a Earle of Gowries conspiracie against the Kings Majestie 
246 1 7 |a Gowries conspiracie 
260 |a Printed at London :  |b By Valentine Simmes, dwelling on Adling hill at the signe of the white Swanne.,  |c 1603. 
300 |a 1 online resource ([32] pages) 
336 |a text  |b txt  |2 rdacontent 
337 |a computer  |b c  |2 rdamedia 
338 |a online resource  |b cr  |2 rdacarrier 
500 |a Originally published as: Gowreis conspiracie. Cf. ESTC. 
500 |a In this edition line 7 of the title reads: sixteene hundred yeares of; D1r line 17 ends: ten. 
500 |a John Ruthven = Third Earle of Gowrie. Cf. ESTC. 
500 |a Printer's device on t.p. (142); headpiece; initials. 
500 |a Signatures: A-D⁴. 
500 |a Reproduction of original in: British Library. 
510 4 |a STC (2nd edition),  |c 21467 
510 4 |a ESTC,  |c S125959 
533 |a Electronic reproduction.  |b Ann Arbor, Mich. :  |c UMI,  |d 1999-  |f (Early English books online)  |n Digital version of: (Early English books, 1475-1640 ; 2402:4)  |7 s1999 miun s 
650 0 |a Gowrie Conspiracy, 1600  |v Early works to 1800. 
600 1 0 |a Gowrie, John Ruthven,  |c Earl of,  |d 1578?-1600  |v Early works to 1800. 
655 7 |a Printers' devices (Printing)  |z England  |y 17th century.  |2 rbpri 
700 1 |a Simmes, Valentine,  |d fl. 1585-1622,  |e printer. 
730 0 |a Early English books online. 
740 0 2 |a Gowreis conspiracie. 
752 |a Great Britain  |b England  |d London. 
830 0 |a Early English books online. 
856 4 0 |u http://proxy.library.tamu.edu/login?url=https://search.proquest.com/docview/2240926255  |z Connect to the full text of this electronic book  |t 0 
994 |a 02  |b UMI 
999 f f |s 64660e33-7ffa-3cb9-8db1-8388745bb3ee  |i 4232b0d6-f1b2-38ba-b68b-e4de04917773  |t 0 
952 f f |a Texas A&M University  |b College Station  |c Electronic Resources  |d Available Online  |t 0  |e DA789 .G68 1603  |h Library of Congress classification 
998 f f |a DA789 .G68 1603  |t 0  |l Available Online